The 2020s Movies Picture Quiz - Statistics

General Stats
  • This quiz has been taken 4,678 times
  • The average score is 18 of 25
Answer Stats
Picture Hint Answer % Correct
2022 Avatar: The Way of Water
98%
2023 Barbie
98%
2020 Sonic the Hedgehog
97%
2023 The Super Mario Bros. Movie
97%
2024 Deadpool & Wolverine
94%
2023 Oppenheimer
94%
2022 Top Gun: Maverick
93%
2021 Dune
92%
2022 The Batman
92%
2024 Wicked
89%
2021 Cruella
80%
2022 Elvis
80%
2020 Soul
77%
2021 Encanto
76%
2023 Napoleon
74%
2021 No Time to Die
73%
2022 Everything Everywhere All at Once
63%
2020 Dolittle
55%
2024 Mufasa: The Lion King
53%
2020 Tenet
48%
2021 King Richard
47%
2023 Anyone But You
41%
2024 Anora
39%
2024 The Brutalist
34%
2020 Emma
29%
No matching quizzes found
Score Distribution
Percent of People with Each Score
Percentile by Number Answered
Your Score History
You have not taken this quiz